000 04650cam a2200349 a 4500
001 4897499
003 CaAEU
005 20260313114043.0
008 100624s2011 cau b 001 0 eng
010 _a 2010026666
020 _a9781412980180 (cloth)
020 _a1412980186 (cloth)
035 _aocn641528345
040 _aDLC
_cDLC
_dYDX
_dBTCTA
_dYDXCP
_dAEU
041 _aEnglish
049 _aUABA
050 0 0 _aHF5415.3
_b.B323 2011
245 0 0 _aHandbook of marketing scales
_b: multi-item measures for marketing and consumer behavior research
_c/ [edited by] William O. Bearden, Richard G. Netemeyer, Kelly L. Haws.
250 _aThird Edition
260 _aThousand Oaks, Calif. :
_bSAGE,
_cc2011.
300 _axiv, 603 p. ;
_c29 cm.
500 _aPublished in cooperation with the Association for Consumer Research.
504 _aIncludes bibliographical references and index.
505 _aCriteria for Scale Deletions/Additions — Search Procedures — Format of the Book and Presentation of Measures — Caveats and Cautions — Evaluation of Measures — Reliability — Construct Validity — Other Issues to Consider — Summary — References. Traits and Individual Difference Variables — Scales Related to Interpersonal Orientation, Needs/Preferences, and Self-Concept — Scales Related to Consumer Compulsiveness and Impulsiveness — Scales Related to Country Image and Affiliation — Scales Related to Consumer Opinion Leadership and Opinion Seeking — Scales Related to Innovativeness — Scales Related to Consumer Social Influence. Values and Goals — General Values — Appendix to General Values — Values Related to Environmentalism and Socially Responsible Consumption — Values Related to Materialism and Possessions/Objects — Appendix to Materialism and Possessions/Objects — Values Related to Goal Orientations and Planning. Involvement, Information Processing, and Affect — Involvement General to Several Product Classes — Purchasing Involvement — Scales Related to Information Processing: Optimal Stimulation Measures — Scales Related to Processing Style — Scales Related to Affect. Reactions to Marketing Stimuli — Measures Related to Ad Emotions and Ad Content — Measures Related to Brand/Product Responses and Shopping Styles — Measures Related to Pricing Responses. Attitudes About the Performance of Business Firms, Satisfaction and Post-Purchase Behavior, Social Agencies, and the Marketplace — Consumer Attitudes Toward Business Practices and Marketing — Scales Related to Post-Purchase Behavior: Consumer Discontent — Business Attitudes Toward the Marketplace. Sales, Sales Management, Organizational Behavior, and Interfirm-Intrafirm Issues — Job Satisfaction Measures — Role Perceptions/Conflict — Job Burnout/Tension — Performance Measures — Control and Leadership — Organizational Commitment — Sales/Selling Approaches — Inter-/Intrafirm Issues of Influence and Power — Other Measures Related to Interfirm Issues — Index.
520 _aThe Handbook of Marketing Scales, Third Edition, represents a clear and user-friendly collection of multi-item, self-report measures developed and frequently used in consumer behavior and marketing research. Key Features More than 150 scales are included in the Handbook. Many scales were originally published in marketing and consumer journals, and including them in one volume helps reduce the time it takes researchers to locate instruments for survey research. More than 70 new scales have been added to the Third Edition. New scales were selected based upon actual usage and citations by researchers in articles where a major objective was scale development. Each scale is prefaced by the same information. Details are provided of construct, description, development, samples, validity, scores, sources, references, and other evidence. The book includes a number of measures that have been used in several studies. The volume serves as a guide to the literature and may spur further refinement of existing measures in terms of item reduction, dimensionality, reliability, and validity. This Handbook also aims to help identify areas where measures are needed, thus encouraging further development of valid measures of consumer behavior and marketing constructs.
650 0 _aMarketing research
_91465
650 0 _aConsumer behavior
_xResearch
_924417
700 _aBearden, William O.,
_cHandbook of marketing scales.
_d1945-
_tHandbook of marketing scales.
700 _aNetemeyer, Richard G.,
_d1956-
_926880
700 _aHaws, Kelly L.
_926881
942 _2lcc
999 _c5417
_d5417